Hermes : Observar per actuar : Jornada : Barcelona, 6 de maig de 2003 : ponències Observar per actuar :
Publicado:
[Barcelona] :
Diputació de Barcelona, Xarxa de Municipis, Àrea de Promoció Econòmica i Ocupació, [2003]
Descripción Física:
1 v., pàg. múltiple ; 30 cm
MARC
| LEADER | 00000nam a2200000Ia 4500 | ||
|---|---|---|---|
| 001 | 15514 | ||
| 008 | 160829s9999 xx 000 0 cat d | ||
| 080 | |a M-4-315 | ||
| 245 | |a Hermes : |b Observar per actuar : |b Jornada : |b Barcelona, 6 de maig de 2003 : |b ponències | ||
| 260 | |a [Barcelona] : |b Diputació de Barcelona, Xarxa de Municipis, Àrea de Promoció Econòmica i Ocupació, [2003] | ||
| 300 | |a 1 v., pàg. múltiple ; |c 30 cm | ||
| 590 | |a Conté les ponències presentades a la Jornada | ||
| 650 | |a Mercat de treball |x Congressos |9 31483 | ||
| 650 | 0 | |a Programa Hermes |9 31484 | |
| 710 | 1 | |a Barcelona (Catalunya : Província). |b Àrea de Promoció Econòmica i Ocupació |9 17540 | |
| 901 | |a Arxiu | ||
| 942 | |n 1 | ||
| 952 | |0 0 |1 0 |4 0 |6 M4315 |7 1 |9 45622 |a Arxiu |b Arxiu |d 2016-12-01 |l 0 |o M-4-315 |p 15514 |r 2016-12-01 00:00:00 |w 2016-12-01 |y ARXIU | ||
| 999 | |c 49121 |d 49121 | ||